Biblioteca

Personería de Medellín : Informe sobre seguridad y convivencia ciudadana 1998-2000 / Jorge Alberto Rojas Otálvaro, Carlos Mario Gómez Correa (Registro nro. 39580)

Detalles MARC
000 -LÍDER
Campo fijo de descripción fija 005420000a22001690004500
041 0# - CÓDIGO DE IDIOMA
Código de idioma para texto/pista de sonido o título separado
082 04 - NÚMERO DE CLASIFICACIÓN DECIMAL DEWEY
Número de clasificación G 352.086 P4673i
001 - NÚMERO DE CONTROL
Campo de control 9712
100 1# - ASIENTO PRINCIPAL--NOMBRE PERSONAL
Nombre personal Rojas Otálvaro, Jorge Alberto
245 10 - TÍTULO
Título del Material Personería de Medellín : Informe sobre seguridad y convivencia ciudadana 1998-2000 / Jorge Alberto Rojas Otálvaro, Carlos Mario Gómez Correa
260 ## - PUBLICACIÓN, DISTRIBUCIÓN, ETC. (PIE DE IMPRENTA)
Lugar de publicación, distribución, etc. Medellín, Colombia : [S:N]
300 ## - DESCRIPCIÓN FÍSICA
Extensión 92 Pag
336 ## - CONTENT TYPE
Content type term texto
Content type code txt
Source rdacontent
337 ## - MEDIA TYPE
Source rdamedia
Media type term sin mediación
Media type code n
338 ## - CARRIER TYPE
Source rdacarrier
Carrier type term volumen
Carrier type code nc
942 ## - TIPO DE MATERIAL (KOHA)
Tipo de Item KOHA Libros General
Existencias
Estado de Material Estado de Perdido Estado de Dañado No para Préstamo Colección Tomo Biblioteca de Origen Biblioteca Permanente Fecha de Adquisición Total de Préstamos Signatura Topográfica Código de Barras Última vez visto Ejemplar/Existencia Fecha de Remplazo Tipo de Material
        Colección General   Biblioteca FUSBC Biblioteca FUSBC 20/01/2005   G 352.086 P4673i 11834 13/12/2019 1 26/01/2016 Libros General

Biblioteca FUSBC | Teléfono: (57+4) 349 88 10 Ext. 141| WhatsApp (+57) 3005338115 
E-mail: biblioteca@unisbc.edu.co | Calle 76 87-14 Robledo Palenque, Medellín, Colombia

Con tecnología Koha